Opusculos y doctrinas practicas, que para el gobierno interior, y direccion de las almas, y para el conocimiento, examen, y prueba de varios espiritus ofrece a sus directores, y confessores (Record no. 10785)
[ view plain ]
| 000 -CABECERA | |
|---|---|
| campo de control de longitud fija | 00817nam a22001697a 4500 |
| 003 - IDENTIFICADOR DEL NÚMERO DE CONTROL | |
| campo de control | FranzMayer |
| 005 - FECHA Y HORA DE LA ÚLTIMA TRANSACCIÓN | |
| campo de control | 20230811134132.0 |
| 008 - DATOS DE LONGITUD FIJA--INFORMACIÓN GENERAL | |
| campo de control de longitud fija | 191007b ||||| |||| 00| 0 eng d |
| 040 ## - FUENTE DE LA CATALOGACIÓN | |
| Centro/agencia transcriptor | Franz |
| 100 ## - ENTRADA PRINCIPAL--NOMBRE DE PERSONA | |
| Nombre de persona | Calatayud, Pedro de |
| 9 (RLIN) | 28350 |
| 245 ## - MENCIÓN DE TÍTULO | |
| Título | Opusculos y doctrinas practicas, que para el gobierno interior, y direccion de las almas, y para el conocimiento, examen, y prueba de varios espiritus ofrece a sus directores, y confessores |
| Mención de responsabilidad, etc. | y da a luz el Padre Pedro de Calatayud ; dedicalos al ilustrissimo señor don Diego de Roxas y Contreras. |
| 260 ## - PUBLICACIÓN, DISTRIBUCIÓN, ETC. | |
| Lugar de publicación, distribución, etc. | Logroño : |
| Nombre del editor, distribuidor, etc. | En la Imprenta de Francisco Delgado, impressor de la ciudad y del Santo Tribunal, |
| Fecha de publicación, distribución, etc. | 1754. |
| 500 ## - NOTA GENERAL | |
| Nota general | Estado físico : en mal estado, separado para restauración |
| 500 ## - NOTA GENERAL | |
| Nota general | LM-55 |
| 650 ## - PUNTO DE ACCESO ADICIONAL DE MATERIA--TÉRMINO DE MATERIA | |
| Término de materia o nombre geográfico como elemento de entrada | Moral cristiana |
| 9 (RLIN) | 21932 |
| 942 ## - ELEMENTOS DE PUNTO DE ACCESO ADICIONAL (KOHA) | |
| Fuente del sistema de clasificación o colocación | Library of Congress Classification |
| Tipo de ítem Koha | Libros |
| Estado de retiro | Estado de pérdida | Fuente del sistema de clasificación o colocación | Estado dañado | No para préstamo | Código de colección | Localización permanente | Ubicación/localización actual | Fecha de adquisición | Total de préstamos | Signatura topográfica completa | Código de barras | Fecha visto por última vez | Precio válido a partir de | Tipo de ítem Koha |
|---|---|---|---|---|---|---|---|---|---|---|---|---|---|---|
| El ejemplar forma parte de la colección y puede ser consultado según las políticas vigentes. | Library of Congress Classification | Libros Antiguos y Raros | Biblioteca del Museo Franz Mayer (Rogerio Casas-Alatriste) | Biblioteca del Museo Franz Mayer (Rogerio Casas-Alatriste) | 07/10/2019 | LM55 C38 1754 | LAR00199 | 08/09/2023 | 08/09/2023 | Libros |